| 000 | 00708nam a2200253Ia 4500 | ||
|---|---|---|---|
| 003 | OSt | ||
| 005 | 20220918223342.0 | ||
| 006 | a|||||r|||| 00| 0 | ||
| 007 | ta | ||
| 008 | 220917b |||||||| |||| 00| 0 eng d | ||
| 024 | _a222,071 | ||
| 037 | _cTextual | ||
| 040 |
_aARTS _cARTS _beng |
||
| 041 |
_2eng _aeng |
||
| 082 | _aV657.N79, P0 | ||
| 100 |
_aRathbone Richard _9145578 |
||
| 245 | 0 |
_aNkrumah and the chiefs _b the politics of cieftaincy in Ghana 1951-60 |
|
| 260 |
_aOxford _bJames currey _c2000 |
||
| 300 |
_axi, 176p _ccm. |
||
| 490 | _aWestern African studies | ||
| 650 | _aHISTORY | ||
| 942 |
_hV657.N79, P0 _cTEXL _2CC |
||
| 999 |
_c278249 _d278249 |
||